000 01207nam a2200385 a 4500
001 000006255
003 DO-SdBNP
005 20170922134636.0
007 000006255
008 090827s2004 dr a 000 0 spa d
020 _a9993473049
040 _aBPMSU
_bspa
_cBPMSU
082 0 4 _a370.1
_bM826f
100 1 _aMoquete de la Rosa, Jacobo
245 1 0 _aFilosofía de la educación /
_cJacobo Moquete de la Rosa.
250 _a2a. ed.
260 _aSanto Domingo :
_bUASD,
_c2004
300 _a353 p. :
_bil. ;
_c24 cm.
490 1 _aColección educación y sociedad
_v41
_v987
500 _aIncluye datos biográficos del autor en la contracubierta
504 _aBibliografía : p. 341-346
650 4 _aFILOSOFÍA DE LA EDUCACIÓN
710 2 _aUniversidad Autónoma de Santo Domingo
830 1 _aColección educación y sociedad
_n41
_v987
910 _aValidado. Control de calidad MFF
930 1 _l
_m
_8
_f
_p
_g
930 1 _l
_m
_8
_f
_p
_g
_h
942 _2ddc
_cBK
945 _aTítulo remanejado a la BNPHU
956 _a
_b
_c
_l
_h
956 _a
_b
_c
_l
_h
956 _a
_b
_c
_l
_h
956 _a
_b
_c
_l
_h
956 _aVMATEO
_b 10
_c 20160205
_lBPMSU
_h 0069
999 _c7329
_d7329